| 000 | 00889nac a22001931u 4500 | ||
|---|---|---|---|
| 020 | _a0026675919 | ||
| 082 | 0 | 0 |
_a658.50028 _bK937 |
| 090 |
_c1035 _d1035 |
||
| 100 | _akroon, dennis k. | ||
| 245 | 1 | 0 |
_aProduction Systems Technology / _cdennis k. kroon, Henry, R. Harms. |
| 260 |
_aAmsterdam ; _aNew York : _bNorth-Holland : _bSole distributors for the U.S.A. and Canada, Elsevier Science Pub. Co., _c1984. |
||
| 300 |
_axii, 168 p. : _bill. ; _c23 cm. |
||
| 500 | _aIncludes index. | ||
| 650 | 0 |
_aProduction management _xData processing |
|
| 700 | 1 | _aHarms, Henry, R. | |
| 942 |
_cBB _k658.50028K937 |
||
| 999 |
_c1035 _d1035 |
||